00819cam a22002291 4500001001300000003000400013005001700017008004100034010001700075035001900092040001700111050002300128110006200151245009300213260004900306300001800355410007200373650005700445650002900502650002600531710003200557l 51000006 DLC20260227111542.0760304s1950 sz 000 0 eng  al 51000006  a(OCoLC)2030510 aDLCcLUdDLC00aKGH1434b.I58 19502 aInternational Labour Organisation.bCommittee of Enquiry.10aConditions in ships flying the Panama flag.bReport of the Committee (May-November 1949) aGeneva,bInternational Labour Office,c1950. a87 p.c24 cm.21aInternational Labour OfficetStudies and reports, new ser.,vno. 22 0aMerchant marinersxLegal status, laws, etc.zPanama. 0aMerchant marinezPanama. 0aMaritime lawzPanama.2 aInternational Labour Office